Pierre Niney en 17 films - Statistiques

Statistiques générales
  • Ce quiz a été pris 269 fois
  • Le résultat moyen est 8 sur 17
Statistiques - réponses
Année Rôle Film % Correct
2014 Yves Saint-Laurent Yves Saint-Laurent
93%
2024 Edmond Dantès Le comte de Monte Cristo
90%
2016 Samuel Five
81%
2021 Mathieu Vasseur Boîte noire
78%
2013 Balthazar Apfel 20 ans d'écart
73%
2018 Frank Basquier Sauver ou périr
58%
2009 Julien LOL
46%
2017 Romain Gary La promesse de l'aube
44%
2022 Mathias Goliath
41%
2022 Adrien Mascarade
39%
2015 Matthieu Vasseur Un homme idéal
39%
2016 Adrien Rivoire Frantz
32%
2023 Marc Becker Le livre des solutions
32%
2021 Serge/ OSS 1001 OSS 117 : Alerte rouge en Afrique noire
30%
2016 Philippe Cousteau L'odyssée
27%
2021 Simon Amants
21%
2011 Primo Bramsi J'aime regarder les filles
20%
Aucun quiz correspondant
Distribution des résultats
% des personnes avec chaque résultat
Percentile par nombre de réponses
Votre historique - résultats
Vous n’avez pas pris ce quiz